Ars Hispaniae (Record no. 27371)

MARC details
000 -LEADER
campo de control de longitud fija 03536nam a2200457 i 4500
001 - NÚMERO DE CONTROL
campo de control 27371
003 - IDENTIFICADOR DE NÚMERO DE CONTROL
campo de control ES-MaACL
005 - FECHA Y HORA DE LA ÚLTIMA TRANSACCIÓN
campo de control 20260213172532.0
007 - CAMPO FIJO DE DESCRIPCIÓN FÍSICA--INFORMACIÓN GENERAL
campo de control de longitud fija t|
008 - DATOS DE LONGITUD FIJA--INFORMACIÓN GENERAL
campo de control de longitud fija 030114q19461977sp a |||| | spa d
245 00 - MENCIÓN DEL TÍTULO
Título Ars Hispaniae
Resto del título : historia universal del arte hispánico.
260 ## - PUBLICACIÓN, DISTRIBUCIÓN, ETC.
Lugar de publicación, distribución, etc. Madrid :
Nombre del editor, distribuidor, etc. Plus Ultra,
Fecha de publicación, distribución, etc. [1946-1977] (
Fabricante Sociedad Alianza de Artes Gráficas)
300 ## - DESCRIPCIÓN FÍSICA
Extensión 22 v. :
Otras características físicas il. ;
Dimensiones 29 cm.
505 8# - NOTA DE CONTENIDO CON FORMATO
Nota de contenido con formato Contiene: V. I: Arte Prehistórico / por Martín Almagro. Colonizaciones púnica y griega. El arte ibérico. El arte de las tribus célticas / por Antonio García y Bellido. -- V. II: Arte romano / por Blas Taracena. Arte paleocristiano / por Pedro Batlle Huguet. Arte visigodo, arte asturiano / por Helmut Schlunk. -- V. III: El arte árabe español hasta los almohades. Arte mozárabe / por Manuel Gómez-Moreno. -- V. IV: Arte almohade, arte nazarí, arte mudéjar / por Leopoldo Torres Balbás. -- V. V: Arquitectura y escultura románicas / por José Gudiol Ricart y Juan Antonio Gaya Nuño. -- V. VI: Pintura e imaginería románicas / por Walter William Spenceer Cook y José Guiol Ricart. -- V. VII: Arquitectura gótica / por Leopoldo Torres Balbás. -- V: VIII: Escultura gótica / por Agustín Durán Sampere y Juan Ainaud de Lasarte. -- V. IX: Pintura gótica / por José Gudiol Ricart. -- V. X: Cerámica y vidrio / por Juan Ainaud de Lasarte. -- V. XI: Pintura del siglo XVI / por Fernando Chueca Goitia. -- V. XII: Pintura del Renacimiento / por Diego Angulo Iñiguez. -- V. XIII: Escultura del Siglo XVI / por J. M. Azcárate. -- V. XIV: Arquitectura de los Siglos XVII y XVIII / por George Kubler. -- V. XV: Pintura del siglo XVII / por Diego Angulo Iñiguez. -- V. XVI: Escultura del siglo XVII / por María Elena Gómez Moreno. -- V. XVII: Escultura y pintura del siglo XVIII...Francisco Goya / por F. J. Sánchez Cantón. -- V. XVIII: Miniatura / por Jesús Domínguez Bordona ; grabado y encuadernado por Juan Ainaud. -- V. XIX: Arte del siglo XIX / por Juan Antonio Gaya Nuño. -- V. XX: Artes decorativas en la España cristiana (Siglos XI-XIX) / por Santiago Lea. -- V. XXI: Arte en América y Filipinas / por Enrique Marco Dorta. -- V: XXII: Arte del siglo XX / por Juan Gaya Nuño
600 14 - PUNTO DE ACCESO ADICIONAL DE MATERIA--NOMBRE DE PERSONA
Nombre de persona Goya, Francisco de,
Fechas asociadas al nombre 1746-1828
9 (RLIN) 240353
650 04 - PUNTO DE ACCESO ADICIONAL DE MATERIA--TÉRMINO DE MATERIA
Término de materia o nombre geográfico como elemento de entrada Arte español-
Subdivisión de forma Historia.
9 (RLIN) 10194
700 1# - ENTRADA AGREGADA--NOMBRE PERSONAL
Nombre de persona Almagro Basch, Martín.
9 (RLIN) 20073
700 1# - ENTRADA AGREGADA--NOMBRE PERSONAL
Nombre de persona García y Bellido, Antonio.
9 (RLIN) 55426
700 1# - ENTRADA AGREGADA--NOMBRE PERSONAL
Nombre de persona Taracena Aguirre, Blas.
9 (RLIN) 109258
700 1# - ENTRADA AGREGADA--NOMBRE PERSONAL
Nombre de persona Batlle Huguet, Pedro.
9 (RLIN) 26446
700 1# - ENTRADA AGREGADA--NOMBRE PERSONAL
Nombre de persona Schlunk, Helmut.
9 (RLIN) 104439
700 1# - ENTRADA AGREGADA--NOMBRE PERSONAL
Nombre de persona Gómez-Moreno, Manuel,
Fechas asociadas al nombre 1870-1970
9 (RLIN) 58066
700 1# - ENTRADA AGREGADA--NOMBRE PERSONAL
Nombre de persona Angulo Iñiguez, Diego.
9 (RLIN) 21788
700 1# - ENTRADA AGREGADA--NOMBRE PERSONAL
Nombre de persona Chueca Goitia, Fernando,
Fechas asociadas al nombre 1911-2004
9 (RLIN) 38688
700 1# - ENTRADA AGREGADA--NOMBRE PERSONAL
Nombre de persona Torres Balbás, Leopoldo.
9 (RLIN) 110926
700 1# - ENTRADA AGREGADA--NOMBRE PERSONAL
Nombre de persona Gudiol, José (
Fechas asociadas al nombre 1904-1985)
9 (RLIN) 60392
700 0# - ENTRADA AGREGADA--NOMBRE PERSONAL
Nombre de persona Gaya Nuño, Juan Antonio,
Fechas asociadas al nombre 1913-1976
9 (RLIN) 56130
700 1# - ENTRADA AGREGADA--NOMBRE PERSONAL
Nombre de persona Spencer Cook, Walter William.
9 (RLIN) 107687
700 1# - ENTRADA AGREGADA--NOMBRE PERSONAL
Nombre de persona Durán i Sanpere, Agustí,
Fechas asociadas al nombre 1887-1975
9 (RLIN) 46223
700 1# - ENTRADA AGREGADA--NOMBRE PERSONAL
Nombre de persona Ainaud de Lasarte, Joan,
Fechas asociadas al nombre 1919-1995
9 (RLIN) 18980
700 1# - ENTRADA AGREGADA--NOMBRE PERSONAL
Nombre de persona Azcárate Ristori, José María de.
9 (RLIN) 24256
700 1# - ENTRADA AGREGADA--NOMBRE PERSONAL
Nombre de persona Gómez Moreno, María Elena.
9 (RLIN) 183418
700 1# - ENTRADA AGREGADA--NOMBRE PERSONAL
Nombre de persona Sánchez Cantón, Francisco Javier,
Fechas asociadas al nombre 1891-1971
9 (RLIN) 102521
700 1# - ENTRADA AGREGADA--NOMBRE PERSONAL
Nombre de persona Domínguez Bordona, Jesús,
Fechas asociadas al nombre 1889-1963
9 (RLIN) 45195
700 1# - ENTRADA AGREGADA--NOMBRE PERSONAL
Nombre de persona Lea, Santiago.
9 (RLIN) 70944
700 1# - ENTRADA AGREGADA--NOMBRE PERSONAL
Nombre de persona Marco Dorta, Enrique,
Fechas asociadas al nombre 1911-1980
9 (RLIN) 76479
700 1# - ENTRADA AGREGADA--NOMBRE PERSONAL
Nombre de persona Kubler, George.
9 (RLIN) 68940
852 ## - LOCALIZACIÓN
Ubicación ES-MaACL
Número de control de estantería L-8091-8112
942 ## - ELEMENTOS DE ENTRADA SECUNDARIOS (KOHA)
Fuente del sistema de clasificación o colocación Clasificación decimal universal
Holdings
Estatus retirado Estado de pérdida Estado de daño No para préstamo Biblioteca de origen Biblioteca actual Ubicación en estantería Fecha de adquisición Fuente de adquisición Total de préstamos Signatura topográfica completa Código de barras Visto por última vez Precio de reemplazo Tipo de ítem Koha
        Biblioteca del Ateneo de Madrid Biblioteca del Ateneo de Madrid Depósito 2 17/01/2008     L-8091-8112 1028251 23/02/2023 23/02/2023 Libro impreso